| 000 | 01224cad a22002295a 4500 | ||
|---|---|---|---|
| 001 | L152957 | ||
| 008 | 110518s2011 xxk f 000 0 eng d | ||
| 020 | _a9781409829669 | ||
| 035 | _a(Sirsi) u152957 | ||
| 041 | 0 | _aeng | |
| 050 | 0 | 4 | _a346.4104346 $2 18 |
| 110 | 2 |
_aUnited Kingdom _bDepartment for Communities and Local Government _94939 |
|
| 245 | 0 | 0 |
_aChange to ground rent notice _h[electronic resource] |
| 260 |
_aLondon _bDCLG _c2011 |
||
| 520 | _aCorrects the notes for leaseholders contained in "Landlord and Tenant (Notice of Rent) (England) Regulations 2004 relating to forfeiture for non-payment of ground rent, service charges or administration. The total unpaid amount owned must be more than £350 or consists of or includes an amount which has been outstanding for more than three years. Changes made on 26 April 2011. | ||
| 590 | _aKA NTK | ||
| 650 | 2 | 4 | _aLANDLORD AND TENANT (NOTICE OF RENT) (ENGLAND) REGULATIONS 2004 |
| 651 | 4 |
_aEngland _y886- |
|
| 690 | _aPROPERTY-RESIDENTIAL PROPERTY-RESIDENTIAL PROPERTY TENURE-LEASEHOLD RESIDENTIAL PROPERTY | ||
| 856 | 4 | 0 |
_uhttps://www.communities.gov.uk/documents/housing/pdf/1904855.pdf _zView the item free of charge at www.communities.gov.uk |
| 942 | _n0 | ||
| 999 |
_c112297 _d112297 |
||